000 00396 a2200157 4500
020 _a9780619019297
024 _a0619019298
082 _a658.84
090 _c6783
_d6783
100 _aPerry,James T.
245 _aNew Perspectives on E-Commerce.
_cJames T.Perry
260 _aAustralia
_bThomson Learning.
_c2001
300 _a639p.
500 _aPaper cover
942 _aNBS
_cBK
_k658.8'4 PER
999 _c349127
_d349127